| 000 | 00946nam a22003137a 4500 | ||
|---|---|---|---|
| 001 | 200460595 | ||
| 003 | TR-AnTOB | ||
| 005 | 20240531102208.0 | ||
| 008 | 240531b tu ||||| |||| 00| 0 tur d | ||
| 020 | _a9789755871028 | ||
| 040 |
_aTR-AnTOB _beng _cTR-AnTOB _erda |
||
| 041 | _atur | ||
| 092 |
_a808.06811 _bAKA 2022 |
||
| 099 | _a2012 AD 2065 | ||
| 100 | 1 |
_aAkal, Aytül, _d1952- |
|
| 245 | 1 | 0 |
_aAy kaç yaşında? / _cAytül Akal - Mavisel Yener ; resimleyen: Mustafa Delioğlu. |
| 250 | _a9. bs. | ||
| 260 |
_aİzmir : _bUçanbalık Yayınları, _c2022. |
||
| 300 |
_a63 Pages. : _bill. ; _c20 cm. |
||
| 336 |
_atext _btxt _2rdacontent |
||
| 337 |
_aunmediated _bn _2rdamedia |
||
| 338 |
_avolume _bnc _2rdacarrier |
||
| 650 | 4 | _aÇocuk şiirleri, Türk | |
| 700 | 1 |
_aYener, Mavisel, _d1962- |
|
| 700 | 1 |
_aDelioğlu, Mustafa, _d1946- , _eres. |
|
| 942 |
_2ddc _cBK |
||
| 999 |
_c200460595 _d78807 |
||